Statistics for BFI ENH: People's Republic of China

Click here to take the quiz!

General Stats

  • This quiz has been taken 11 times
    (6 since last reset)
  • The average score is 13 of 19

Answer Stats

HintAnswer% Correct
During the Chinese Civil War (1927-49), against whom did the Communists fight?Chiang Kai-shek and the Nationalists
100%
What was the name of the new ideology?Maoism
100%
What was the name of the economic and social campaign enacted by Mao in order to modernise the country between 1958 and 1962?The Great Leap Forward
100%
In what city did the conferences gathering all communist nations in the world occur?In Moscow
83%
What nickname gained the renewal of diplomatic relations between China and the USA starting 1971?"Ping-Pong Diplomacy"
83%
Who was the American president at that time?Richard Nixon
83%
When was the Geneva Conference? (Y)In 1954
67%
When did PRC gain the nuclear weapon? (Y)In 1964
67%
When did the Cultural Revolution start and finish? (Y)In 1966 & 1976
67%
When was the Sino-Soviet Border War? (Y)In 1969
67%
When did PRC officially replace ROC in the United Nations? (Y)In 1971
67%
What did Deng Xiaoping accuse the USSR of, deeply humiliating the Soviets?Revisionism
67%
This same year, for which crisis did China criticise the Soviet Union?The Cuban Missile Crisis
67%
Whose diplomacy became the centre of attention there?Zhou Enlai
67%
When was the PRC proclamed? (D/M/Y)1 October 1949
50%
How many men did China approximatively send during the Korean War (1950-3)?3 millions
50%
During which war in 1962 did the USSR support PRC's enemy?The Sino-Indian Border War
50%
What 1950 treaty cemented the diplomatic closeness between PRC and the USSR?The Sino-Soviet Treaty of Friendship, Alliance and Mutual Assistance
50%
During the Bandung Conference (1955), China clamed leadership of which group of countries?The Third World
50%

Score Distribution

Percentile by Number Answered

Percent of People with Each Score

Your Score History

You have not taken this quiz since the last reset